Senza Tregua La guerra dei gap

保存先:
書誌詳細
第一著者: Giovanni Pesce
フォーマット: 図書
言語:言語不明
出版事項: Feltrinelli Editore
タグ: タグ追加
タグなし, このレコードへの初めてのタグを付けませんか!

MARC

LEADER 00000nam a2200000Ia 4500
001 R-1144
003 CODICE-MESSINA
005 20260212102502.0
008 260211s9999 xx 000 0 und d
040 |c importazione_messina 
100 |a Giovanni Pesce 
245 0 |a Senza Tregua 
245 0 |b La guerra dei gap 
260 |b Feltrinelli Editore 
942 |2 ddc  |c BK 
952 |0 0  |1 0  |2 ddc  |4 0  |6 SCAFFALE_11_000000000000000__ROMANZI  |7 0  |9 31976  |a ME  |b ME  |d 2026-02-11  |l 0  |o SCAFFALE 11 - ROMANZI  |p R-1144  |r 2026-02-11 23:52:53  |w 2026-02-11  |x [REVISIONARE]  |y BK 
999 |c 27641  |d 27641